Optimálny návrh nového paroplynového zdroja pre priemyselný podnik

Salvato in:
Dettagli Bibliografici
Autore principale: Turinič, Norbert Ferdinand (Autore)
Altri autori: Variny, Miroslav (Relatore della tesi)
Natura: Manoscritto Libro
Lingua:slovacco
Pubblicazione: 2024
Soggetti:
Accesso online:http://is.stuba.sk/zp/portal_zp.pl?podrobnosti=168780
Tags: Aggiungi Tag
Nessun Tag, puoi essere il primo ad aggiungerne!!

MARC

LEADER 00000ntm a22000003a 4500
001 stuzp99213
003 SK-STU
005 20240622210742.5
007 ta
008 150427s2015----xo-----f-mn---000-0-slo-d
040 |a STU  |b slo 
041 0 |a slo 
100 1 |a Turinič, Norbert Ferdinand  |u 046230  |4 aut  |U FCHPT Ústav chemického a environmentálneho inžinierstva  |T FCHPT Oddelenie chemického a biochemického inžinierstva  |X 116040  |U C6230  |Y 119  |7 116040 
242 0 1 |a Proposal of Optimal Combined Heat and Power Plant for an Industrial Enterprise  |y eng 
245 1 0 |a Optimálny návrh nového paroplynového zdroja pre priemyselný podnik 
260 |c 2024 
650 4 |a kogenerácia  |2 slo 
650 4 |a spaľovacia turbína  |2 slo 
650 4 |a teplo  |2 slo 
650 4 |a elektrická energia  |2 slo 
650 4 |a cogeneration  |2 eng 
650 4 |a gas turbine  |2 eng 
650 4 |a heat  |2 eng 
650 4 |a electricity  |2 eng 
700 1 |a Variny, Miroslav  |u 046230  |k Z1  |4 ths  |U FCHPT Ústav chemického a environmentálneho inžinierstva  |T FCHPT Oddelenie chemického a biochemického inžinierstva  |X 25916  |U C6230  |Y 119  |7 A000025916 
856 4 |u http://is.stuba.sk/zp/portal_zp.pl?podrobnosti=168780